| 000 | 00805nam0a22002411 4500 | ||
|---|---|---|---|
| 001 | rc\1045170 | ||
| 005 | 20250622091248.0 | ||
| 035 | _a(NLR Aleph) 006207449 | ||
| 090 |
_a6332429 _c6332429 |
||
| 100 | _a20041129d1981 |||y0rusy50 ca | ||
| 101 | 0 | _arus | |
| 102 | _aRU | ||
| 105 | _aa ||||||||| | ||
| 200 | 1 |
_aИсторико-архитектурные памятники Таллина _e[Пер. с эст.] |
|
| 210 |
_aТаллин _cПериодика _d1981 |
||
| 215 |
_a96 с., 24 л. ил. _cил. _d20 |
||
| 300 | _aЗагл. 2-го изд.: Памятники архитектуры и искусства Таллина | ||
| 700 | 1 |
_aМяэвяли _bС. _f1936- _gСулев |
|
| 801 | 0 |
_aRU _bNLR _gpsbo |
|
| 801 | 1 |
_aRU _bELAR _2rusmarc |
|
| 852 |
_aNLR _j81-4/25572 |
||
| 942 | _cBOOK | ||
| 980 | _aNB | ||